000 00180 a2200097 4500
020 _a9681913345
041 _aspa
100 _aJohnson. Spencer
245 _aEl presente
942 _cBK
999 _c2476
_d2476